Dlhová kríza a budúcnosť Európskej únie v kontexte humanizácie ekonomiky

Budúcnosť Európskej únie – čo spôsobuje dlhovú krízu. Analyzovanie príčin a faktorov, ktoré viedli k dnešnému stavu. Morálne a etické postuláty pri návrhoch riešení a potreba vytvoriť spoločenskú klímu rešpektujúcu morálne a etické aspekty spoločnosti. Ohľad na budúce generácie.

Guardado en:
Detalles Bibliográficos
Autor principal: Ivanová, Pavlína
Formato: Capítulo de libro
Lenguaje:eslovaco
Materias:
Etiquetas: Agregar Etiqueta
Sin Etiquetas, Sea el primero en etiquetar este registro!

MARC

LEADER 00000nla a2200000 4500
001 0200654
005 20240502073407.6
041 0 |a slo 
044 |a SK 
245 1 0 |a Dlhová kríza a budúcnosť Európskej únie v kontexte humanizácie ekonomiky  |c Pavlína Ivanová 
520 |a Budúcnosť Európskej únie – čo spôsobuje dlhovú krízu. Analyzovanie príčin a faktorov, ktoré viedli k dnešnému stavu. Morálne a etické postuláty pri návrhoch riešení a potreba vytvoriť spoločenskú klímu rešpektujúcu morálne a etické aspekty spoločnosti. Ohľad na budúce generácie. 
610 2 0 |a Európska únia 
610 2 0 |a kríza finančná 
610 2 0 |a procesy sociálno-ekonomické 
610 2 0 |a efektívnosť sociálno-ekonomická 
610 2 0 |a rozvoj sociálno-ekonomický 
100 1 |a Ivanová, Pavlína